Statistics for Top 15 Countries with surname Trump

Click here to take the quiz!

General Stats

  • This quiz has been taken 65 times
  • The average score is 8 of 15

Answer Stats

PopulationAnswer% Correct
4,450United States
97%
437Germany
89%
143Australia
82%
128Canada
80%
645England
80%
17New Zealand
75%
49France
74%
10Spain
63%
13China
55%
146South Africa
54%
27Chile
20%
5Indonesia
17%
4Czech Republic
9%
92Estonia
8%
30Guernsey
2%

Score Distribution

Percentile by Number Answered

Percent of People with Each Score

Your Score History

You have not taken this quiz